01392nam a2200349 a 4500001001200000003000800012006001900020007001500039008004100054010001700095020002200112040002100134035002000155043001200175050002500187100002500212245011200237260007700349300001600426490003400442504006400476533015200540650003300692650002500725651004100750655002900791710002700820710001700847830003500864856012600899999001701025ebr10133006CaPaEBRm u cr cn|||||||||060322s2006 enk sb 001 0 eng d z 2006273776 z1845112059 (pbk.) aCaPaEBRcCaPaEBR a(OCoLC)67139101 aa-iq---14aDS79.76b.R64 2006eb1 aRogers, Paul,d1943-10aIraq and the war on terrorh[electronic resource] :btwelve months of insurgency, 2004/2005 /cPaul Rogers. aLondon :bI. B. Tauris ;aNew York :bPalgrave Macmillan [dist.],c2006. avii, 184 p.1 aInternational security report aIncludes bibliographical references (p. 155-173) and index. aElectronic reproduction.bPalo Alto, Calif. :cebrary,d2013.nAvailable via World Wide Web.nAccess may be limited to ebrary affiliated libraries. 0aWar on Terrorism, 2001-2009. 0aIraq War, 2003-2011. 0aIraqxPolitics and governmenty2003- 7aElectronic books.2local2 aOxford Research Group.2 aebrary, Inc. 0aInternational security report.40uhttp://site.ebrary.com/lib/rucke/Doc?id=10133006zAn electronic book accessible through the World Wide Web; click to view c80213d80213